000 01013nam2a22002651 4500
001 RU\NLR\INFOCOMM15\5000207323
005 20250617113201.0
035 _a(NLR Aleph) 002575411
090 _a3227268
_c3227268
100 _a20041020d1963 |||y0rusy50 ca
101 0 _arus
_aeng
102 _aRU
105 _ay ||||000|y
200 1 _aСпоры заряженных мезонов под углом 90° от (n-p)-соударений при энергии нейтронов 600 МЭВ
_fК.О. Оганесян и В.А. Ярба
_gЛаборатория ядерных проблем
210 _d1963
_aБ. м.
461 0 _1001RU\NLR\INFOCOMM15\1000176112
_12001#$aИздания$fОбъедин. ин-т ядерных исследований$vР-­1334
700 1 _aОганесян
_bК.О.
_4070
701 1 _aЯрба
_bВ.А.
_4070
801 1 _aRU
_bInfoComm
_c20041020
801 0 _aRU
_bNLR
_gPSBO
852 _aNLR
_jП11/2061
942 _cISSUE
980 _aNB
980 _aRUSPER